| 000 | 00511nam a2200181Ia 4500 | ||
|---|---|---|---|
| 999 |
_c34394 _d34394 |
||
| 003 | OSt | ||
| 005 | 20200907101817.0 | ||
| 008 | 190216s9999||||xx |||||||||||||| ||und|| | ||
| 020 | _a9788173716249 | ||
| 040 | _coclc | ||
| 082 |
_a530.12 _bPRA/Q |
||
| 100 |
_aPradhan, Trilochan _94454 |
||
| 245 | 0 |
_aQuantum Mechanics / _cTrilochan Pradhan |
|
| 260 |
_bUniversities Press, _c2009. _aHyderbad: |
||
| 300 | _a240p | ||
| 650 | _aPhysics | ||
| 942 |
_cBK _2ddc _h530.12 _iPRA/Q _k530.12 _mPRA/Q |
||